000 00736nam a22001937a 4500
999 _c12960
_d12960
003 AR-CdUCM
008 190410b ||||| |||| 00| 0 spa d
040 _aMUNICIPALIDAD PROVINCIAL DEL CUSCO
_cBIBLIOTECA MUNICIPAL DEL CUSCO
082 _a985.612 /
_bC13
245 _aMachu Picchu, ciudad sagrada /
260 _aCusco :
_bEditorial Piki,
300 _a52 paginas ;
_bIlustraciones, mapas,
_c24 cm.
505 _aContenido :Los incas--El descubrimiento de Machu Picchu --Sector agrícola --Casa del guardián --Piedra funeraria --Cementerio
650 _aSantuario Histórico de Machu Picchu
_96214
650 _aDescripciones y viajes
_9497
650 _aFotografías
_913109
942 _2ddc
_cLIBROS
945 _arjall
_d2019-04-10